[Event "XXIII Miedzynarodowy Festiwal Szachowy "]
[Site "Krakow, Hotel Galaxy  ul. Ges"]
[Date "2012.12.27"]
[Round "1.35"]
[White "Mirski, Michal"]
[Black "Berek, Michal"]
[Result "1-0"]
[WhiteElo "1918"]
[BlackElo "1570"]
[PlyCount "35"]
[EventDate "2012.??.??"]

1. e4 d6 2. d4 g6 3. Nc3 Nf6 4. f4 Bg4 5. Nf3 e5 6. dxe5 dxe5 7. Qxd8+ Kxd8 8.
Nxe5 Be6 9. f5 Nbd7 10. Nxd7 Bxd7 11. Bg5 Be7 12. O-O-O Ke8 13. Bc4 Rd8 14.
Rhf1 gxf5 15. exf5 c6 16. Rde1 Kf8 17. Bh6+ Ke8 18. Bg7 1-0

[Event "XXIII Miedzynarodowy Festiwal Szachowy "]
[Site "Krakow, Hotel Galaxy  ul. Ges"]
[Date "2012.12.27"]
[Round "1.36"]
[White "Domanski, Lukasz"]
[Black "Sajtyna, Krzysztof"]
[Result "1-0"]
[WhiteElo "1562"]
[BlackElo "1917"]
[PlyCount "65"]
[EventDate "2012.??.??"]

1. e4 c5 2. Nf3 Nc6 3. d4 cxd4 4. Nxd4 e5 5. Nb5 a6 6. N5c3 Nf6 7. Bg5 h6 8.
Bxf6 Qxf6 9. Nd5 Qd8 10. c4 Bc5 11. Nbc3 d6 12. a3 Be6 13. Be2 O-O 14. O-O Bxd5
15. Nxd5 Ne7 16. Kh1 Bd4 17. Nxe7+ Qxe7 18. Qd2 Qh4 19. Bf3 Rac8 20. Rac1 Rc5
21. b4 Rc7 22. g3 Qh3 23. Bg2 Qe6 24. Qe2 Rfc8 25. Bf3 Rxc4 26. Bg4 Qxg4 27.
Qxg4 Rxc1 28. Rxc1 Rxc1+ 29. Kg2 Rc2 30. Kh3 Rxf2 31. a4 b6 32. Qd7 Kh7 33.
Qxd6 1-0

[Event "XXIII Miedzynarodowy Festiwal Szachowy "]
[Site "Krakow, Hotel Galaxy  ul. Ges"]
[Date "2012.12.27"]
[Round "1.37"]
[White "Pastuszko, Kinga"]
[Black "Ochowicz, Jakub"]
[Result "1/2-1/2"]
[WhiteElo "1916"]
[BlackElo "1562"]
[PlyCount "54"]
[EventDate "2012.??.??"]

1. e4 c5 2. Nf3 e6 3. d4 cxd4 4. Nxd4 a6 5. Nc3 b5 6. Bd3 Qb6 7. Be3 Bc5 8.
Nce2 Nc6 9. c3 Nf6 10. O-O Ng4 11. Nf4 Nxe3 12. fxe3 Ne5 13. Qh5 Bxd4 14. exd4
Nxd3 15. Nxd3 O-O 16. Ne5 f6 17. Ng4 Bb7 18. e5 f5 19. Ne3 b4 20. Qg5 Rac8 21.
Rac1 bxc3 22. bxc3 Qa5 23. c4 Qxa2 24. d5 Qa5 25. Rcd1 Qc5 26. Kh1 Rc7 27. Rf3
d6 1/2-1/2

[Event "XXIII Miedzynarodowy Festiwal Szachowy "]
[Site "Krakow, Hotel Galaxy  ul. Ges"]
[Date "2012.12.27"]
[Round "1.40"]
[White "Leczek, Weronika"]
[Black "Klimentov, Evgeny"]
[Result "0-1"]
[WhiteElo "1549"]
[BlackElo "1896"]
[PlyCount "102"]
[EventDate "2012.??.??"]

1. e4 c5 2. Nf3 Nc6 3. d4 cxd4 4. Nxd4 e5 5. Nb5 d6 6. Be3 Be6 7. Nd2 Nf6 8.
Nc3 d5 9. exd5 Nxd5 10. Nxd5 Bxd5 11. Nf3 Be7 12. Bb5 Qa5+ 13. Nd2 Qxb5 14. c4
Bxc4 15. Nxc4 Qxc4 16. Qe2 Qxe2+ 17. Kxe2 Nd4+ 18. Bxd4 exd4 19. Kd3 O-O-O 20.
Rac1+ Kb8 21. Rc4 Bf6 22. Re1 Rhe8 23. Rd1 Rc8 24. Rxc8+ Kxc8 25. Rc1+ Kd7 26.
Rd1 Kd6 27. Rc1 b5 28. Rd1 Rc8 29. Re1 a5 30. Rd1 b4 31. f4 a4 32. g4 g6 33.
Re1 b3 34. axb3 axb3 35. Re2 Rc2 36. Rxc2 bxc2 37. Kxc2 Kc5 38. b3 Kb4 39. Kd3
Kxb3 40. Kd2 Kc4 41. Kd1 Kd3 42. g5 Bd8 43. h4 Ba5 44. Kc1 Ke2 45. Kc2 d3+ 46.
Kb2 d2 47. h5 d1=Q 48. Ka2 Bb4 49. Kb2 Kd3 50. f5 Qc2+ 51. Ka1 Bc3# 0-1

[Event "XXIII Miedzynarodowy Festiwal Szachowy "]
[Site "Krakow, Hotel Galaxy  ul. Ges"]
[Date "2012.12.27"]
[Round "1.42"]
[White "Ujma, Czeslaw"]
[Black "Janik, Andrzej"]
[Result "0-1"]
[WhiteElo "1510"]
[BlackElo "1877"]
[PlyCount "36"]
[EventDate "2012.??.??"]

1. e4 e5 2. f4 exf4 3. Nf3 d6 4. Bc4 h6 5. O-O g5 6. d4 Bg7 7. c3 Nf6 8. e5 Ng4
9. Qb3 O-O 10. h3 Ne3 11. Bxe3 fxe3 12. Na3 Nc6 13. Bxf7+ Rxf7 14. Nxg5 Qxg5
15. Qxf7+ Kh7 16. Qf3 dxe5 17. Qe4+ Qg6 18. Qxe3 exd4 0-1

[Event "XXIII Miedzynarodowy Festiwal Szachowy "]
[Site "Krakow, Hotel Galaxy  ul. Ges"]
[Date "2012.12.27"]
[Round "1.43"]
[White "Sadzikowski, Marian"]
[Black "Swiech, Joanna"]
[Result "1-0"]
[WhiteElo "1868"]
[BlackElo "1501"]
[PlyCount "39"]
[EventDate "2012.??.??"]

1. e4 e6 2. f4 d5 3. e5 c5 4. Bb5+ Bd7 5. Bxd7+ Qxd7 6. Nf3 Nc6 7. O-O Be7 8.
d3 Nh6 9. Nc3 O-O 10. Qe1 Qc7 11. Ne2 Nb4 12. Qd1 Rac8 13. c3 Nc6 14. Ng3 Rfd8
15. Ng5 d4 16. c4 a6 17. Bd2 b5 18. b3 Bf8 19. Qh5 g6 20. Qh3 1-0

[Event "XXIII Miedzynarodowy Festiwal Szachowy "]
[Site "Krakow, Hotel Galaxy  ul. Ges"]
[Date "2012.12.27"]
[Round "1.45"]
[White "Popiol, Michal"]
[Black "Bandyk, Sebastian"]
[Result "1-0"]
[WhiteElo "1859"]
[BlackElo "1454"]
[PlyCount "27"]
[EventDate "2012.??.??"]

1. d4 d5 2. c4 dxc4 3. e4 e5 4. Nf3 exd4 5. Bxc4 Bb4+ 6. Bd2 Bxd2+ 7. Nbxd2 Ne7
8. Ng5 O-O 9. Qh5 h6 10. Nxf7 Rxf7 11. Qxf7+ Kh8 12. O-O Nbc6 13. f4 Qd6 14. e5
1-0

[Event "XXIII Miedzynarodowy Festiwal Szachowy "]
[Site "Krakow, Hotel Galaxy  ul. Ges"]
[Date "2012.12.27"]
[Round "1.47"]
[White "Malaczek, Mateusz"]
[Black "Hosiawa, Klara"]
[Result "1-0"]
[WhiteElo "1855"]
[BlackElo "1376"]
[PlyCount "35"]
[EventDate "2012.??.??"]

1. e4 e6 2. d4 d5 3. Nd2 dxe4 4. Nxe4 Be7 5. Nf3 Nd7 6. Bd3 Ngf6 7. Qe2 O-O 8.
c3 b6 9. Nxf6+ Nxf6 10. Bg5 Bb7 11. h4 h6 12. Ne5 Bxg2 13. Rg1 hxg5 14. hxg5
Ne4 15. Rxg2 Nxg5 16. f4 f6 17. fxg5 fxe5 18. Qh5 1-0

[Event "XXIII Miedzynarodowy Festiwal Szachowy "]
[Site "Krakow, Hotel Galaxy  ul. Ges"]
[Date "2012.12.28"]
[Round "2.1"]
[White "Jablonska, Sabina"]
[Black "Muhtarov, Leonid"]
[Result "0-1"]
[WhiteElo "1973"]
[BlackElo "2097"]
[PlyCount "96"]
[EventDate "2012.??.??"]

1. e4 c5 2. Nf3 e6 3. d4 cxd4 4. Nxd4 a6 5. Bd3 Qc7 6. O-O Nf6 7. c4 b6 8. Nc3
Bb7 9. Qe2 d6 10. Be3 Nbd7 11. f3 Be7 12. Rac1 O-O 13. b3 Rac8 14. g4 h6 15.
Qg2 Rfe8 16. h4 Nh7 17. g5 hxg5 18. hxg5 g6 19. f4 Qd8 20. Qh3 Nc5 21. Rc2 Nd7
22. Rh2 Ndf8 23. Kf2 e5 24. Nf3 exf4 25. Bxf4 b5 26. Be3 bxc4 27. Bxc4 Qa5 28.
Bd4 Bxg5 29. Rg1 Rxc4 30. Rxg5 Rc5 31. Qh6 Ree5 32. Nxe5 dxe5 33. Bxc5 Qxc5+
34. Kg2 Qxc3 35. Rg4 Qd3 36. Qh4 Qe2+ 37. Kg1 Qd1+ 38. Kg2 Qd4 39. Kf1 Qa1+ 40.
Qe1 Qxe1+ 41. Kxe1 Nf6 42. Rgh4 Nxe4 43. Re2 f5 44. Rc2 Ne6 45. Rch2 N4g5 46.
Rh8+ Kg7 47. Kd1 Nf8 48. R8h6 e4 0-1

[Event "XXIII Miedzynarodowy Festiwal Szachowy "]
[Site "Krakow, Hotel Galaxy  ul. Ges"]
[Date "2012.12.28"]
[Round "2.2"]
[White "Gluszko, Monika"]
[Black "Mintenko, Heorhiy"]
[Result "1-0"]
[WhiteElo "1951"]
[BlackElo "2088"]
[PlyCount "105"]
[EventDate "2012.??.??"]

1. e4 c6 2. c4 d5 3. exd5 cxd5 4. cxd5 Nf6 5. Qa4+ Bd7 6. Qb3 Qb6 7. Bc4 Na6 8.
Nc3 Qxb3 9. Bxb3 Nb4 10. d4 Nd3+ 11. Ke2 Nxc1+ 12. Rxc1 g6 13. Nf3 Bh6 14. Rcd1
O-O 15. Ne5 Bf5 16. f3 Rad8 17. Kf2 a6 18. Rhe1 Bc8 19. a4 Bd7 20. Re2 Kg7 21.
Ne4 Ne8 22. h4 Bc8 23. Rc2 f6 24. Nc4 Bf4 25. Nb6 Nd6 26. Nc5 Nf5 27. Nxc8 Be3+
28. Kf1 Rxc8 29. Ne6+ Kf7 30. Nxf8 Rxc2 31. Bxc2 Nxd4 32. Bb1 Kxf8 33. Rd3 Nf5
34. g4 Ng3+ 35. Kg2 Bf4 36. Rb3 a5 37. Rxb7 Ne2 38. Bd3 Nc1 39. Bc4 Bd2 40.
Rb8+ Kg7 41. Rb7 Kf8 42. Kf2 Ke8 43. Bb5+ Kf8 44. Rb8+ Kg7 45. Bc4 f5 46. g5 h6
47. Rg8+ Kh7 48. Re8 hxg5 49. Rxe7+ Kh6 50. hxg5+ Kxg5 51. d6 Bb4 52. Re6 Kf4
53. d7 1-0

[Event "XXIII Miedzynarodowy Festiwal Szachowy "]
[Site "Krakow, Hotel Galaxy  ul. Ges"]
[Date "2012.12.28"]
[Round "2.3"]
[White "Stankiewicz, Pawel"]
[Black "Bartoszewicz, Marcin"]
[Result "1-0"]
[WhiteElo "2085"]
[BlackElo "1937"]
[PlyCount "73"]
[EventDate "2012.??.??"]

1. e4 e5 2. Nf3 Nc6 3. Bb5 a6 4. Ba4 Nf6 5. O-O Nxe4 6. d4 b5 7. Bb3 d5 8. dxe5
Be6 9. c3 Bc5 10. Nbd2 O-O 11. Qe2 Nxd2 12. Bxd2 Bg4 13. Bf4 Ne7 14. h3 Be6 15.
Ng5 h6 16. Nxe6 fxe6 17. Qg4 Nf5 18. Bc2 Kh8 19. Rad1 Qe8 20. Qe2 g5 21. Bc1
Qf7 22. Kh2 Qg7 23. f4 gxf4 24. Bxf4 Rf7 25. g4 Ne3 26. Bxe3 Qxe5+ 27. Kg2 Rxf1
28. Qxf1 Bxe3 29. Qf7 Qg7 30. Qxe6 Bb6 31. Rxd5 Rf8 32. Rd7 Rf2+ 33. Kg3 Qxd7
34. Qxd7 Rxc2 35. Qe8+ Kg7 36. Qe5+ Kg8 37. b4 1-0

[Event "XXIII Miedzynarodowy Festiwal Szachowy "]
[Site "Krakow, Hotel Galaxy  ul. Ges"]
[Date "2012.12.28"]
[Round "2.4"]
[White "Sleczka, Bartosz"]
[Black "Kudas, Damian"]
[Result "1/2-1/2"]
[WhiteElo "1920"]
[BlackElo "2083"]
[PlyCount "84"]
[EventDate "2012.??.??"]

1. e4 c5 2. Nf3 d6 3. Bc4 Nf6 4. d3 Nc6 5. c3 Bg4 6. Nbd2 e6 7. h3 Bh5 8. Bb3
Be7 9. Nf1 d5 10. Ng3 Bg6 11. Qe2 Qc7 12. O-O dxe4 13. dxe4 h6 14. Re1 O-O 15.
Bc2 Nd7 16. Bd2 a6 17. Rad1 Rfd8 18. Bc1 b5 19. Nh2 b4 20. f4 bxc3 21. bxc3 Bf6
22. e5 Bxc2 23. Qxc2 Bh4 24. Re3 Ne7 25. Ne4 Nf5 26. Rf3 c4 27. g4 Ne7 28. Nd6
Nd5 29. Qe4 Be7 30. Nxc4 Rac8 31. Nd6 Nxc3 32. Rxc3 Qxc3 33. Nxc8 Rxc8 34. Be3
Rc4 35. Qd3 Qxd3 36. Rxd3 Nc5 37. Rd4 Rc2 38. Rd2 Rc3 39. Nf1 a5 40. Kg2 a4 41.
Bd4 Rc1 42. Ne3 Ne4 1/2-1/2

[Event "XXIII Miedzynarodowy Festiwal Szachowy "]
[Site "Krakow, Hotel Galaxy  ul. Ges"]
[Date "2012.12.28"]
[Round "2.5"]
[White "Reza, Wojciech"]
[Black "Mirski, Michal"]
[Result "1-0"]
[WhiteElo "2079"]
[BlackElo "1918"]
[PlyCount "95"]
[EventDate "2012.??.??"]

1. e4 c5 2. c3 g6 3. d4 cxd4 4. cxd4 d5 5. Nc3 dxe4 6. Bc4 Nc6 7. d5 Ne5 8. Qd4
Bg7 9. Bb5+ Kf8 10. Qxe4 Bf5 11. Qa4 a6 12. Be2 Nf6 13. Qb3 Ne4 14. Nf3 Nc5 15.
Qd1 Ncd3+ 16. Kf1 Nxc1 17. Rxc1 Qb6 18. Nxe5 Bxe5 19. Qd2 Kg7 20. g4 Bd7 21.
Kg2 e6 22. Bf3 Rhd8 23. Rhe1 Bf6 24. g5 Bd4 25. Rcd1 e5 26. Rc1 Rac8 27. Ne4
Bf5 28. Rxc8 Rxc8 29. Re2 Qd8 30. Nf6 Rc2 31. Qd1 Rxb2 32. Rxb2 Bxb2 33. Qb3
Bc1 34. h4 h6 35. Qxb7 hxg5 36. hxg5 Bxg5 37. Ne4 Bf4 38. Qxa6 Qxd5 39. Qf6+
Kg8 40. Qxg6+ Bxg6 41. Nf6+ Kf8 42. Nxd5 Bd2 43. Nb6 Bc2 44. Nd7+ Ke7 45. Nxe5
f6 46. Nc4 Bc3 47. Ne3 Kd6 48. Nxc2 1-0

[Event "XXIII Miedzynarodowy Festiwal Szachowy "]
[Site "Krakow, Hotel Galaxy  ul. Ges"]
[Date "2012.12.28"]
[Round "2.6"]
[White "Kuspak, Aleksander"]
[Black "Slabek, Grzegorz"]
[Result "1/2-1/2"]
[WhiteElo "1918"]
[BlackElo "2074"]
[PlyCount "129"]
[EventDate "2012.??.??"]

1. e4 d5 2. exd5 Nf6 3. Nc3 Nxd5 4. Bc4 e6 5. Qf3 Nxc3 6. dxc3 Qf6 7. Be3 Nc6
8. Qe2 Bd6 9. Nf3 h6 10. h3 Bd7 11. g4 Bf4 12. Nd2 Bxe3 13. Qxe3 Qe5 14. Ke2
O-O-O 15. f4 Qxe3+ 16. Kxe3 e5 17. f5 f6 18. Ne4 Na5 19. Bd3 Bc6 20. b4 Bxe4
21. Kxe4 Nc6 22. Rad1 Rd6 23. Bc4 Kd7 24. Rd3 Ke7 25. h4 Rhd8 26. Rhd1 Rxd3 27.
cxd3 a5 28. b5 Nb8 29. d4 Nd7 30. Rd3 c6 31. bxc6 bxc6 32. Be6 Nf8 33. Bb3 exd4
34. cxd4 Kd6 35. Kf3 Re8 36. Rd1 Rb8 37. Rd3 Rb4 38. a3 Rb8 39. Re3 Nd7 40.
Re6+ Kc7 41. Ba4 Rb6 42. Re7 Kd6 43. Rxg7 Rb1 44. g5 hxg5 45. hxg5 Ra1 46. g6
Rxa3+ 47. Ke4 Nb6 48. Bc2 Rg3 49. Kf4 Rg1 50. Be4 Nd7 51. Rh7 c5 52. Rh1 Rg5
53. Ra1 cxd4 54. Rxa5 Nc5 55. Rb5 Rg1 56. Rb6+ Ke7 57. Rc6 Rf1+ 58. Kg4 Nd7 59.
Re6+ Kf8 60. Bg2 Rf2 61. Be4 Re2 62. Kf4 Rf2+ 63. Kg3 Re2 64. Kf4 Rf2+ 65. Kg3
1/2-1/2

[Event "XXIII Miedzynarodowy Festiwal Szachowy "]
[Site "Krakow, Hotel Galaxy  ul. Ges"]
[Date "2012.12.28"]
[Round "2.8"]
[White "Klimentov, Evgeny"]
[Black "Horoschavina, Oksana"]
[Result "0-1"]
[WhiteElo "1896"]
[BlackElo "2063"]
[PlyCount "90"]
[EventDate "2012.??.??"]

1. e4 c5 2. Nf3 Nc6 3. Bb5 g6 4. Bxc6 dxc6 5. d3 Bg7 6. h3 e5 7. Be3 b6 8. Nc3
Qc7 9. Qd2 f6 10. O-O-O Be6 11. g4 O-O-O 12. Rdg1 Ne7 13. h4 Kb7 14. h5 g5 15.
Qe2 h6 16. b3 Nc8 17. Kb2 Bf8 18. Na4 Be7 19. Nd2 Bf7 20. Ra1 Nd6 21. Rhb1 Nb5
22. Qf1 Nd4 23. a3 Rd7 24. Kc1 Rhd8 25. f3 Nb5 26. b4 cxb4 27. axb4 Nd4 28. c4
Ne6 29. Rb3 Nd4 30. Rbb1 Ne6 31. Rb3 Nd4 32. Bxd4 Rxd4 33. Kc2 Qd7 34. Nb2 Kb8
35. Ra6 b5 36. Ra5 Bf8 37. Raa3 Ka8 38. Qa1 bxc4 39. Ndxc4 Bxc4 40. Nxc4 Rxc4+
41. dxc4 Qd2+ 42. Kb1 Qe1+ 43. Ka2 Rd2+ 44. Rb2 Rd1 45. Rxa7+ Kxa7 0-1

[Event "XXIII Miedzynarodowy Festiwal Szachowy "]
[Site "Krakow, Hotel Galaxy  ul. Ges"]
[Date "2012.12.28"]
[Round "2.9"]
[White "Kalinina, Marianna"]
[Black "Sadzikowski, Marian"]
[Result "1-0"]
[WhiteElo "2051"]
[BlackElo "1868"]
[PlyCount "73"]
[EventDate "2012.??.??"]

1. e4 b6 2. d4 Bb7 3. Bd3 f5 4. Qe2 Bxe4 5. Bxe4 fxe4 6. Qxe4 Nc6 7. Bg5 d5 8.
Qh4 Nb4 9. Qh5+ g6 10. Qe2 Qd6 11. Nf3 Bh6 12. h4 Bxg5 13. hxg5 Nc6 14. Na3 Kf7
15. Nb5 Qd7 16. Ne5+ Nxe5 17. Qxe5 Nf6 18. gxf6 exf6 19. Qxc7 Qxc7 20. Nxc7
Rac8 21. Nxd5 Rxc2 22. Rb1 Rc4 23. Ne3 Rxd4 24. Ke2 Rd7 25. Rbd1 Re7 26. Rd6 h5
27. Kf3 f5 28. Rc1 h4 29. Nd5 Rb7 30. Rf6+ Kg7 31. Rcc6 h3 32. Rxg6+ Kf7 33.
Rcf6+ Ke8 34. gxh3 Rxh3+ 35. Kf4 Rbh7 36. Ke5 R3h4 37. Rg8+ 1-0

[Event "XXIII Miedzynarodowy Festiwal Szachowy "]
[Site "Krakow, Hotel Galaxy  ul. Ges"]
[Date "2012.12.28"]
[Round "2.10"]
[White "Janik, Andrzej"]
[Black "Iivonen, Markku"]
[Result "0-1"]
[WhiteElo "1877"]
[BlackElo "2049"]
[PlyCount "63"]
[EventDate "2012.??.??"]

1. d4 f5 2. Bf4 Nf6 3. Nf3 e6 4. h3 d5 5. e3 Be7 6. Ne5 O-O 7. Nd2 c5 8. dxc5
d4 9. Nb3 dxe3 10. Bxe3 Qc7 11. Bd4 Ne4 12. Qe2 Rd8 13. Qc4 Bf6 14. Nf3 Na6 15.
Bxf6 gxf6 16. Nfd2 Nxd2 17. Nxd2 Qe5+ 18. Be2 Qxb2 19. Rb1 Qa3 20. g4 Qxc5 21.
Qxc5 Nxc5 22. gxf5 Kf7 23. Bh5+ Kf8 24. Nb3 Ne4 25. O-O b6 26. fxe6 Bxe6 27.
Rbe1 Bxb3 28. Rxe4 Bxa2 29. Rfe1 Rd5 30. Be8 Rg5+ 31. Kf1 Bd5 32. Re7 0-1

[Event "XXIII Miedzynarodowy Festiwal Szachowy "]
[Site "Krakow, Hotel Galaxy  ul. Ges"]
[Date "2012.12.28"]
[Round "2.11"]
[White "Jopek, Krzysztof"]
[Black "Kasperek, Joanna"]
[Result "1/2-1/2"]
[WhiteElo "1868"]
[BlackElo "2032"]
[PlyCount "47"]
[EventDate "2012.??.??"]

1. Nf3 c5 2. c3 Nf6 3. d4 g6 4. g3 Bg7 5. Bg2 O-O 6. O-O cxd4 7. cxd4 d5 8. Nc3
Nc6 9. Bf4 a6 10. Ne5 Be6 11. Nxc6 bxc6 12. Na4 Nh5 13. Be3 Rb8 14. b3 a5 15.
Rc1 Bd7 16. Bf3 Nf6 17. Qd3 Re8 18. Rfd1 Rc8 19. Nc5 Ng4 20. Nxd7 Qxd7 21. Bxg4
Qxg4 22. Rc2 e5 23. f3 Qe6 24. dxe5 1/2-1/2

[Event "XXIII Miedzynarodowy Festiwal Szachowy "]
[Site "Krakow, Hotel Galaxy  ul. Ges"]
[Date "2012.12.28"]
[Round "2.12"]
[White "Staroszczyk, Mateusz"]
[Black "Popiol, Michal"]
[Result "0-1"]
[WhiteElo "2026"]
[BlackElo "1859"]
[PlyCount "74"]
[EventDate "2012.??.??"]

1. d4 Nf6 2. Nc3 d5 3. Bf4 Bg4 4. Qd3 c6 5. O-O-O e6 6. f3 Bh5 7. e3 b5 8. Kb1
Nbd7 9. g4 Bg6 10. Qd2 Nb6 11. h4 h5 12. Bd3 b4 13. Nce2 Bxd3 14. cxd3 hxg4 15.
Bg5 b3 16. axb3 a5 17. Qc3 Nbd7 18. Rc1 a4 19. bxa4 c5 20. dxc5 Bxc5 21. d4 Be7
22. Qc6 O-O 23. Nf4 Nb6 24. Nge2 Nxa4 25. Nc3 Nxc3+ 26. Rxc3 gxf3 27. Bxf6 Bxf6
28. h5 Be7 29. h6 g6 30. Nxe6 fxe6 31. h7+ Kh8 32. Qxe6 Qd6 33. Qg4 g5 34. Rf1
Qg6+ 35. Rc2 Rac8 36. Rff2 Rxc2 37. Rxc2 f2 0-1

[Event "XXIII Miedzynarodowy Festiwal Szachowy "]
[Site "Krakow, Hotel Galaxy  ul. Ges"]
[Date "2012.12.28"]
[Round "2.13"]
[White "Malaczek, Mateusz"]
[Black "Francuzov, Alexander"]
[Result "0-1"]
[WhiteElo "1855"]
[BlackElo "2019"]
[PlyCount "112"]
[EventDate "2012.??.??"]

1. Nf3 Nc6 2. e4 e6 3. d4 d5 4. e5 f6 5. exf6 Nxf6 6. c3 Bd6 7. Bd3 O-O 8. O-O
e5 9. dxe5 Nxe5 10. Nxe5 Bxe5 11. f4 Bd6 12. Nd2 Bg4 13. Qb3 Bc5+ 14. Kh1 Rb8
15. Nf3 Bxf3 16. Rxf3 Ng4 17. h3 Nf2+ 18. Kh2 Nxd3 19. Rxd3 c6 20. c4 d4 21.
Qd1 Qc7 22. Qg4 Rbe8 23. b4 Bxb4 24. Rb1 Bc5 25. Bd2 b6 26. Kh1 Qf7 27. Rg3 Re7
28. Rc1 Bd6 29. Rf3 Qf5 30. Qxf5 Rxf5 31. g4 Rf8 32. f5 Re2 33. Rd3 c5 34. Re1
Rfe8 35. Rxe2 Rxe2 36. Kg1 Kf7 37. g5 Be5 38. a4 Ke7 39. Kf1 Rh2 40. Kg1 Bc7
41. a5 Re2 42. axb6 axb6 43. Kf1 Rh2 44. Kg1 Bd6 45. Kf1 Rh1+ 46. Ke2 Ra1 47.
Kf3 Ra4 48. Ke4 Rxc4 49. Kd5 Ra4 50. f6+ gxf6 51. gxf6+ Kd7 52. Bh6 Ra8 53. Rb3
Kc7 54. f7 Rd8 55. Ke6 c4 56. Rf3 c3 0-1

[Event "XXIII Miedzynarodowy Festiwal Szachowy "]
[Site "Krakow, Hotel Galaxy  ul. Ges"]
[Date "2012.12.28"]
[Round "2.14"]
[White "Lada, Ireneusz"]
[Black "Gregulski, Zbigniew"]
[Result "0-1"]
[WhiteElo "2003"]
[BlackElo "1841"]
[PlyCount "90"]
[EventDate "2012.??.??"]

1. c4 Nf6 2. Nc3 e6 3. e4 d5 4. e5 Ne4 5. Nxe4 dxe4 6. Qg4 Bd7 7. Qxe4 Bc6 8.
Qf4 Na6 9. Nf3 Nb4 10. Kd1 Bc5 11. b3 Nd3 12. Bxd3 Qxd3 13. Bb2 O-O-O 14. Ne1
Qg6 15. Bc3 Qh5+ 16. f3 g5 17. Qg3 Rd7 18. Nc2 Be4 19. Qe1 Bd3 20. b4 Bxc2+ 21.
Kxc2 Bd4 22. g4 Qh3 23. Qg3 Qh6 24. Kb3 Rhd8 25. h4 Bxc3 26. dxc3 gxh4 27. Qxh4
Qe3 28. Rae1 Qb6 29. Qxh7 a5 30. a3 Qa6 31. Rh2 a4+ 32. Kb2 Qxc4 33. Qc2 b5 34.
Re4 Qc6 35. Rhe2 Rd1 36. c4 R1d3 37. cxb5 Qd5 38. b6 c6 39. Rc4 Kb7 40. Rc3 Qb5
41. Rxd3 Rxd3 42. f4 Rb3+ 43. Ka2 Qd5 44. Qe4 Rxa3+ 45. Kb1 Qd1+ 0-1

[Event "XXIII Miedzynarodowy Festiwal Szachowy "]
[Site "Krakow, Hotel Galaxy  ul. Ges"]
[Date "2012.12.28"]
[Round "2.15"]
[White "Ociepka, Tomasz"]
[Black "Gora, Jan"]
[Result "0-1"]
[WhiteElo "1852"]
[BlackElo "2000"]
[PlyCount "66"]
[EventDate "2012.??.??"]

1. e4 c5 2. Nf3 Nc6 3. d4 cxd4 4. Nxd4 g6 5. Nc3 Bg7 6. Be3 Nf6 7. Bc4 O-O 8.
Bb3 d6 9. f3 Bd7 10. Qd2 Rc8 11. O-O-O Nxd4 12. Bxd4 a5 13. Qf2 Qe8 14. Nd5
Nxd5 15. Bxg7 Kxg7 16. Bxd5 b5 17. Qd4+ f6 18. a3 Rc5 19. g4 Qc8 20. Rd2 b4 21.
axb4 e5 22. Qe3 axb4 23. Kd1 Qa6 24. Ke1 Qa1+ 25. Rd1 Qxb2 26. Bb3 Rfc8 27.
Rxd6 Ba4 28. Rd5 Rxd5 29. Qa7+ Rd7 30. Qxa4 Qc1+ 31. Kf2 Rd2+ 32. Kg3 Qxh1 33.
Qd7+ Rxd7 0-1

[Event "XXIII Miedzynarodowy Festiwal Szachowy "]
[Site "Krakow, Hotel Galaxy  ul. Ges"]
[Date "2012.12.28"]
[Round "2.16"]
[White "Zajac, Mateusz"]
[Black "Zaboklicki, Zbigniew"]
[Result "1-0"]
[WhiteElo "1997"]
[BlackElo "1835"]
[PlyCount "95"]
[EventDate "2012.??.??"]

1. d4 Nf6 2. c4 e6 3. g3 d5 4. Nf3 c5 5. cxd5 exd5 6. Nc3 Nc6 7. Bg2 Be7 8. O-O
O-O 9. Bg5 Be6 10. dxc5 Bxc5 11. Rc1 Be7 12. Nd4 Nxd4 13. Qxd4 h6 14. Bf4 Qa5
15. Rfd1 Bc5 16. Qd2 Bb4 17. a3 Bxc3 18. Qxc3 Qxc3 19. Rxc3 Rac8 20. Rdc1 Rxc3
21. Rxc3 Rc8 22. Rxc8+ Bxc8 23. Be5 Ne4 24. f3 Nd2 25. Bc3 Nc4 26. Kf2 Be6 27.
e4 dxe4 28. fxe4 b6 29. Ke2 f6 30. Kd3 Kf7 31. Kd4 Ne5 32. h4 h5 33. Bf1 g6 34.
b4 Bb3 35. Bb5 Ke7 36. a4 a6 37. Bxa6 Bxa4 38. Be2 Kd6 39. Ke3 Bd7 40. Kf4 b5
41. Bxe5+ fxe5+ 42. Kg5 Be8 43. Kf6 Bc6 44. Bd3 Be8 45. Bc2 Kd7 46. Kxe5 Ke7
47. Kd5 Bf7+ 48. Kc5 1-0

[Event "XXIII Miedzynarodowy Festiwal Szachowy "]
[Site "Krakow, Hotel Galaxy  ul. Ges"]
[Date "2012.12.28"]
[Round "2.17"]
[White "Gora, Antonina"]
[Black "Kawula, Andrzej"]
[Result "0-1"]
[WhiteElo "1842"]
[BlackElo "1996"]
[PlyCount "92"]
[EventDate "2012.??.??"]

1. e4 e6 2. d4 d5 3. Nd2 Nf6 4. e5 Nfd7 5. Bd3 c5 6. c3 f5 7. exf6 Nxf6 8. Ngf3
Bd6 9. Ne5 O-O 10. O-O Nc6 11. Ndf3 Qc7 12. Re1 Bd7 13. Bg5 Rae8 14. Qb1 Bc8
15. Bxf6 gxf6 16. Ng4 Qg7 17. Ne3 Kh8 18. Kh1 cxd4 19. cxd4 f5 20. Bb5 Rg8 21.
Rg1 Qh6 22. Bxc6 bxc6 23. Ne5 Bxe5 24. dxe5 c5 25. b3 Bb7 26. Qc2 d4 27. Nc4
Be4 28. Qb2 Re7 29. f3 Bd5 30. Nd6 Qh5 31. Raf1 f4 32. Qc1 Qxe5 33. Qxc5 Rd7
34. Nb5 d3 35. Rd1 a6 36. Na3 Rdg7 37. Rxd3 Rxg2 38. Rxg2 Rxg2 39. Kxg2 Bxf3+
40. Kxf3 Qxc5 41. Nc4 Qf5 42. Rd8+ Kg7 43. Rd7+ Kf6 44. Rd6 h5 45. h3 Qxh3+ 46.
Kxf4 Qh2+ 0-1

[Event "XXIII Miedzynarodowy Festiwal Szachowy "]
[Site "Krakow, Hotel Galaxy  ul. Ges"]
[Date "2012.12.28"]
[Round "2.18"]
[White "Puczylowski, Marcin"]
[Black "Pietrucha, Jaroslaw"]
[Result "1-0"]
[WhiteElo "1991"]
[BlackElo "1835"]
[PlyCount "79"]
[EventDate "2012.??.??"]

1. c4 e5 2. Nc3 Nc6 3. g3 Nf6 4. Bg2 d6 5. d3 Be6 6. Nd5 Be7 7. e3 Qd7 8. Rb1
Nd8 9. Ne2 Nxd5 10. cxd5 Bh3 11. O-O Bxg2 12. Kxg2 f5 13. e4 O-O 14. f4 Kh8 15.
Bd2 c6 16. Nc3 cxd5 17. Nxd5 Nc6 18. Bc3 Bd8 19. Rc1 Rc8 20. Rc2 exf4 21. Nxf4
Bb6 22. Qh5 Kg8 23. Qg5 Bd8 24. Qh5 Bb6 25. Nd5 g6 26. Qg5 Bd8 27. Qh6 Ne5 28.
Re2 Ng4 29. Qd2 Nf6 30. Bxf6 Bxf6 31. g4 Bd8 32. gxf5 gxf5 33. Kh1 Kh8 34. Rg2
Bb6 35. Qh6 Bd4 36. Nf4 Rf6 37. Ng6+ Rxg6 38. Rxg6 Be5 39. Rxf5 Rc1+ 40. Qxc1
1-0

[Event "XXIII Miedzynarodowy Festiwal Szachowy "]
[Site "Krakow, Hotel Galaxy  ul. Ges"]
[Date "2012.12.28"]
[Round "2.19"]
[White "Drop, Szymon"]
[Black "Rzeznik, Lukasz"]
[Result "1/2-1/2"]
[WhiteElo "1803"]
[BlackElo "1989"]
[PlyCount "55"]
[EventDate "2012.??.??"]

1. e4 c5 2. Nf3 e6 3. d4 cxd4 4. Nxd4 Nf6 5. Bd3 Nc6 6. Nxc6 bxc6 7. O-O e5 8.
Bg5 h6 9. Bh4 Bc5 10. Nd2 d6 11. Bxf6 Qxf6 12. c4 O-O 13. Nb3 Rd8 14. Na5 Bd7
15. Nb7 Rdb8 16. Nxc5 dxc5 17. Qc2 Be6 18. Be2 Rd8 19. Rfd1 Rd4 20. Rxd4 cxd4
21. b4 Qe7 22. Rb1 c5 23. b5 Qb7 24. a4 a5 25. Bd3 Qb6 26. Qe2 Rb8 27. h3 Qd8
28. Kh2 1/2-1/2

[Event "XXIII Miedzynarodowy Festiwal Szachowy "]
[Site "Krakow, Hotel Galaxy  ul. Ges"]
[Date "2012.12.28"]
[Round "2.20"]
[White "Parol, Pawel"]
[Black "Kyc, Jerzy"]
[Result "1-0"]
[WhiteElo "1984"]
[BlackElo "1782"]
[PlyCount "89"]
[EventDate "2012.??.??"]

1. e4 c5 2. Nf3 d6 3. d4 cxd4 4. Nxd4 Nf6 5. f3 a6 6. c4 g6 7. Be3 Bg7 8. Be2
Nc6 9. Qd2 O-O 10. O-O Bd7 11. Nc3 Rc8 12. Rac1 Nxd4 13. Bxd4 Qa5 14. Be3 Rfd8
15. Rb1 Be6 16. b4 Qc7 17. Nd5 Bxd5 18. cxd5 Qc2 19. Rfc1 Qxd2 20. Bxd2 Nd7 21.
Be3 Bc3 22. Kf1 Bf6 23. b5 a5 24. b6 Bc3 25. Rc2 Bb4 26. Rbc1 Rxc2 27. Rxc2 Bc5
28. Bxc5 Nxc5 29. Bb5 Kg7 30. Ke2 Kf6 31. Ke3 Rc8 32. Rc4 Ra8 33. Kd4 Rc8 34.
f4 e5+ 35. dxe6 Nxe6+ 36. Kd5 Rc5+ 37. Rxc5 dxc5 38. g3 Ke7 39. e5 h5 40. a4
Kd8 41. Kd6 g5 42. Bc4 gxf4 43. gxf4 Ke8 44. Bxe6 fxe6 45. Kxc5 1-0